| 000 | 00413pab a2200169 454500 | ||
|---|---|---|---|
| 008 | 180718b2001 xxu||||| |||| 00| 0 eng d | ||
| 100 | _aJain, Sandhya | ||
| 245 | _aTwo nations, two world-views | ||
| 260 | _c2001 | ||
| 300 | _ap.6 | ||
| 362 | _a17 Jul | ||
| 650 | _aAgra summit | ||
| 650 | _aIndia - Foreign relations - Pakistan | ||
| 650 | _aInternational relations | ||
| 773 | _aPioneer | ||
| 909 | _a50548 | ||
| 999 |
_c50548 _d50548 |
||